Statistics for Biggest US cities during the American Revolution

Click here to take the quiz!

General Stats

  • This quiz has been taken 63 times
    (55 since last reset)
  • The average score is 6 of 11

Answer Stats

PopulationAnswer% Correct
33,131New York City
100%
18,320Boston
98%
28,522Philadelphia
98%
16,359Charleston
77%
13,503Baltimore
73%
6,380Providence
58%
7,921Salem
31%
9,913Northern Liberties
25%
6,716Newport
19%
5,661Southwark
13%
5,661Marblehead
6%

Score Distribution

Percentile by Number Answered

Percent of People with Each Score

Your Score History

You have not taken this quiz since the last reset